[Event "Tata Steel-B 81st"]
[Site "Wijk aan Zee"]
[Date "2019.01.19"]
[Round "7"]
[White "Esipenko, Andrey"]
[Black "Korobov, Anton"]
[Result "1-0"]
[WhiteElo "2584"]
[BlackElo "2699"]
[Annotator "Yermolinsky,A"]
[PlyCount "81"]
[EventDate "2019.01.12"]
[EventType "tourn"]
[EventRounds "13"]
[EventCountry "NED"]
[EventCategory "14"]
[SourceTitle "CBM 188"]
[Source "ChessBase"]
[SourceDate "2018.12.21"]
[SourceVersion "1"]
[SourceVersionDate "2018.12.21"]
[SourceQuality "1"]

1. d4 d5 2. c4 c6 3. Nf3 Nf6 4. Nc3 e6 5. Bg5 h6 6. Bh4 dxc4 7. e4 g5 8. Bg3 b5
9. Be2 Bb7 10. Ne5 Nbd7 11. O-O Bg7 12. Nxf7 $5 {[#] A topical line, following
the memorable game Grischuk-Ding Liren, Berlin Candidates 2018} Kxf7 13. e5 Nd5
14. Ne4 Qb6 15. Nd6+ Ke7 16. a4 {[#]} ({The stem game Topalov-Kramnik, 2008 saw
} 16. Bg4 {but later the same year Karjakin introduced a sharp reply} h5 17.
Bxh5 Raf8 18. Qg4 Bh6 19. h4 Rhg8 {in his game against Shirov.}) 16... a5 {
A novelty from Korobov. Knowing his style one wonders whether it was an
over-the-board inspiration.} ({Ding chose} 16... Raf8 {and after} 17. Bf3 a6
18. Bxd5 cxd5 19. axb5 axb5 20. Kh1 Bc6 21. f4 {erred with} gxf4 $2 {allowing
White a near forced win:} 22. Bh4+ Bf6 23. Qg4 {which Grischuk
uncharacteristically missed.}) 17. Bf3 Rhf8 ({Somewhat illogically Black is
better off blowing up the entire queenside with} 17... bxa4 {in search of
activity for his pieces.}) 18. Bxd5 $1 {Grischuk's idea is very handy here as
well.} cxd5 19. axb5 {[#] Despite a piece deficit White stands very well. His
powerful Nd6 holds everything together, while a natural plan with f2-f4 is
coming up next.} Rf5 $5 {Korobov is willing to part with anything to interfere
with White's plans.} 20. Kh1 (20. Qh5 Rg8 21. Nxf5+ exf5 22. e6 {was very
strong as well.}) 20... Kf8 ({How about taking it to the max?} 20... Raf8 21.
Qd2 Rf4 {physically stops f2-f4, and thus can be considered.}) 21. f4 Kg8 22.
Nxf5 exf5 23. fxg5 Nf8 24. gxh6 Qxh6 25. Rxf5 Bc8 26. Rf1 Be6 27. Qe1 Qg6 28.
Qd2 {[#]} Nd7 ({White's better off keeping the queens in case of} 28... Qd3 29.
Qf2 ({as} 29. Qxd3 cxd3 30. Be1 Bg4 {can get messy:} 31. Rxa5 Rc8 32. Bc3 Bh6
33. Ra6 Be3 34. b6 Rb8)) 29. Bh4 Bh6 30. Qe1 Qe4 31. Qf2 $1 {Same strategy
here. White just has too many pawns, and the youngster confidently brings the
point home.} Kh7 32. Ra3 Rf8 33. Bf6 $1 Nxf6 34. exf6 Bg5 35. b6 $1 Rxf6 36.
Rf3 Rxf3 37. Qxf3 Qxd4 38. Qg3 Bf6 39. b7 Be5 40. b8=Q Bxg3 41. hxg3 1-0

[Event "Dresden ZMD op 20th"]
[Site "Dresden"]
[Date "2011.08.10"]
[Round "5"]
[White "Zakhartsov, Viacheslav V"]
[Black "Berczes, David"]
[Result "1/2-1/2"]
[WhiteElo "2578"]
[BlackElo "2550"]
[Annotator "Zakhartsov,Vi"]
[PlyCount "43"]
[EventDate "2011.08.06"]
[EventType "swiss"]
[EventRounds "9"]
[EventCountry "GER"]
[SourceTitle "CBM 143 Extra"]
[Source "ChessBase"]
[SourceDate "2011.08.29"]
[SourceVersion "1"]
[SourceVersionDate "2011.08.29"]
[SourceQuality "1"]

1. Nf3 d5 2. d4 Nf6 3. c4 e6 4. Nc3 c6 5. Bg5 h6 6. Bxf6 Qxf6 7. e3 Nd7 8. Bd3
g6 9. O-O dxc4 10. Bxc4 Bg7 11. Re1 O-O 12. e4 Qe7 (12... e5 13. d5 Nb6 14. Bb3
Bg4 15. Re3 {gives to White an edge, as indicated in the survey of Lars
Schandorff (CBM 139).}) 13. e5 Rd8 14. Qe2 b5 15. Bd3 ({Earlier I have played} 
15. Bb3 Bb7 16. Ne4 c5 17. Qxb5 Rab8 18. Qa5 cxd4 19. Rad1 {(Zakhartsov-Av.
Grigoryan, Voronezh 2010), and now Black could obtain an advantage by means of}
Rbc8 $1 20. Rxd4 Nxe5 21. Rxd8+ Qxd8 22. Qxd8+ Rxd8 23. Nxe5 Bxe5 24. Nc5 Bd5
$1 25. Rxe5 Bxb3 26. f3 Bxa2 $17) 15... Rb8 $1 {The suggestion of Schandorff 
(survey in CBM 140).} (15... b4 {would be worse:} 16. Na4 c5 17. Rac1 cxd4 18.
Rc7 Rb8 19. Qe4 {with an initiative for White.}) 16. Rac1 c5 17. dxc5 ({After} 
17. Nxb5 Bb7 18. Nxa7 Ra8 19. Nb5 Bxf3 20. Qxf3 cxd4 21. Qg3 Rxa2 22. Nxd4 Nxe5
23. Rxe5 Rxd4 {White struggled for a draw (Rogozenko-Pashikian, Aix-les-Bains
2011)}) 17... Bb7 18. Ne4 (18. Bxb5 {also didn't pose any problems for Black:}
Bxf3 19. Qxf3 Nxe5 20. Qe3 Ng4 21. Qf3 Bxc3 22. Rxc3 Rxb5 23. Qxg4 Rxc5 {
with equality.}) 18... Bxe4 19. Bxe4 Nxc5 20. Red1 Rxd1+ 21. Rxd1 Rd8 22. Rc1
1/2-1/2

[Event "RUS Cup final"]
[Site "Belgorod"]
[Date "2010.11.10"]
[Round "2.2"]
[White "Zakhartsov, Viacheslav V"]
[Black "Potkin, Vladimir"]
[Result "1/2-1/2"]
[WhiteElo "2602"]
[BlackElo "2646"]
[Annotator "Zakhartsov,Vi"]
[PlyCount "70"]
[EventDate "2010.11.07"]
[EventType "k.o."]
[EventRounds "5"]
[EventCountry "RUS"]
[SourceTitle "CBM 139"]
[Source "ChessBase"]
[SourceDate "2010.11.18"]
[SourceVersion "1"]
[SourceVersionDate "2010.11.18"]
[SourceQuality "1"]

1. d4 d5 2. c4 c6 3. Nf3 Nf6 4. Nc3 e6 5. Bg5 h6 6. Bxf6 Qxf6 7. e3 Nd7 8. Bd3
dxc4 9. Bxc4 g6 10. O-O Bg7 11. e4 e5 12. d5 Nb6 13. Bb3 Bg4 14. Rc1 Rd8 $5 {
Probably, the simplest way to equalise. Black avoids a potential weakness on
c6.} 15. h3 Bxf3 16. Qxf3 Qxf3 17. gxf3 cxd5 (17... c5 18. a4 c4 19. a5 cxb3
20. axb6 axb6 {(Czebe-Varga, Budapest 2009) is rather dubious due to} 21. Na4
$1 ({instead of} 21. Nb5 Bf8 22. Rc7 Bc5)) 18. Nxd5 Nxd5 19. Bxd5 Rd7 20. Rc3 (
20. a4 Ke7 21. a5 {also hardly promises anything special:} Bf6 22. Rfd1 Rb8 23.
Rd3 Kd8 24. Rdc3 Be7 25. Rc4 Bd6 26. Kf1 g5 27. Kg2 Rc7 {with equality 
(Alekseev-Leko, Jermuk 2009)}) 20... Ke7 21. Rfc1 Bf6 (21... Rhd8) 22. Rc7 Rhd8
23. Rxb7 (23. Bxb7 Bg5 (23... Rxc7 24. Rxc7+ Rd7 {transposes to the game}) 24.
R1c5 Rxc7 25. Rxc7+ Rd7 26. Rxd7+ Kxd7 {should be a draw.}) 23... Rxb7 24. Bxb7
Rd2 25. Rc7+ (25. Bd5 Bh4 26. Rc7+ Kd8 27. Rxf7 Rxb2 28. Rg7 Bxf2+ 29. Kf1 g5
30. Rh7 Bd4 31. Rxh6 Rf2+ 32. Ke1 Rxf3 {also a draw.}) 25... Rd7 {The simplest.
} ({Also was possible} 25... Kd8 26. Rxf7 Bh4 27. Bd5 Rxb2 {- see 25.Bd5.}) 26.
Rxd7+ Kxd7 27. Bd5 Ke7 28. b4 Bg5 29. Kf1 Bd2 {Forcing the white pawns to
advance to light squares. Now a draw is inevitable.} 30. a3 Bc1 31. a4 Bd2 32.
b5 Ba5 33. Ke2 g5 34. Kd3 f6 35. Kc4 Kd6 1/2-1/2

[Event "Lvov Vasylyshyn Memorial GM 9th"]
[Site "Lvov"]
[Date "2012.11.23"]
[Round "4"]
[White "Zakhartsov, Viacheslav V"]
[Black "Dastan, Batuhan Muhammed"]
[Result "1-0"]
[WhiteElo "2531"]
[BlackElo "2370"]
[Annotator "Zakhartsov,Vi"]
[PlyCount "53"]
[EventDate "2012.11.20"]
[EventType "tourn"]
[EventRounds "9"]
[EventCountry "UKR"]
[EventCategory "8"]
[SourceTitle "CBM 152"]
[Source "ChessBase"]
[SourceDate "2013.01.15"]
[SourceVersion "1"]
[SourceVersionDate "2013.01.15"]
[SourceQuality "1"]

1. d4 d5 2. c4 e6 3. Nf3 Nf6 4. Nc3 c6 5. Bg5 h6 6. Bh4 dxc4 7. e4 g5 8. Bg3 b5
9. Be2 Bg7 10. e5 Nh5 11. a4 a6 12. Ne4 O-O 13. Nfxg5 {(a tempting sacrifice)}
Nxg3 14. hxg3 hxg5 15. Bxc4 {This continuation been occurred only once before
this game.} ({After} 15. Qc2 f5 16. exf6 Rxf6 17. Nxf6+ Qxf6 18. Qh7+ Kf8 19.
Ra3 Qxd4 20. Rf3+ Ke7 {several games ended in a draw. The last example:} 21.
Qg8 Qxb2 22. Rh7 Qb4+ 23. Kd1 Qxa4+ 24. Ke1 Qa5+ 25. Kd1 Qa1+ 26. Kd2 Qa5+ $11
{E.Danielian-A.Muzychuk, Kazan 2012}) 15... Qe7 $5 {A novelty.} (15... bxc4 16.
Qh5 Re8 {and now} 17. Qh7+ {(better than} (17. O-O-O Qe7 (17... Ra7 $6 18. Qh7+
Kf8 19. Rh5 f5 20. exf6 Bxf6 21. Qxa7 Nd7 22. Rdh1 {and White eventually won,
Grover-Gagarin, Moscow 2012}) 18. Qh7+ Kf8 19. Rh5 Nd7 20. Rxg5 (20. Rdh1 Qb4
21. Rxg5 Rb8 22. Qxg7+ Ke7 {and Black wins}) 20... f6 21. Rg6 fxe5 {with
Black's advantage}) 17... Kf8 18. Rh5 Qxd4 19. Rxg5 Qxe5 20. Rxe5 Bxe5 {
leads to an unclear position with a non-standard material balance.}) 16. Qh5
Rd8 (16... Qb4+ {? loses to} 17. Kf1 Qxc4+ 18. Kg1 Rd8 19. Qxg5 Qxd4 20. Nf6+
Kf8 21. Rh7 {with decisive threats.}) 17. O-O-O bxc4 18. Qh7+ Kf8 19. Rh5 f5 (
19... f6 $2 {loses to} 20. Rdh1 {!} Qf7 (20... Nd7 21. Qg6 Qf7 22. Rh8+ Ke7 (
22... Bxh8 23. Rxh8+ Ke7 24. Rh7) 23. Qxf7+ Kxf7 24. Rxd8 {and White wins}) 21.
exf6 Bxf6 22. Nxf6 Qxh7 (22... Qxf6 23. Qc7 Nd7 24. Rh8+ Kf7 25. R1h7+ Kg6 26.
Rh6+ Kg7 27. R8h7+ Kg8 28. Rxf6) 23. Rxh7 Nd7 (23... Rxd4 24. Rc7 Nd7 25. Nxd7+
Bxd7 26. Rh8+) 24. Ne4 {and despite the material deficit White has a decisive
advantage:} Re8 25. Nxg5 e5 26. Rh8+ Ke7 27. R1h7+ Kf6 28. Rxe8 Kxg5 29. Rxd7)
(19... Nd7 $5 20. Rdh1 (20. Rxg5 $2 f5 21. Rh1 fxe4 22. Rg4 Qf7 23. Rf4 Nf6 24.
exf6 Bxf6) 20... Qb4 (20... c5 21. Rxg5 f5 (21... f6 22. Rg6 $1 (22. Qh8+ Bxh8
23. Rxh8+ Kf7 24. Rh7+ Kf8 (24... Ke8 $4 25. Rg8+ Nf8 26. Rxe7+ Kxe7 27. Rg7+
Ke8 28. Nxf6#) 25. Rh8+ Kf7 {=}) 22... Qf7 (22... cxd4 23. Nd6 {with the
decisive threat of Qh8}) 23. Nd6 Qg8 24. Qh4 $1 {with decisive attack:} (24.
Rxg7 Qxg7 25. Qh8+ Qxh8 26. Rxh8+ Ke7 27. Rh7+ Kf8 {a draw}) 24... Ke7 25. Re1
Rf8 26. Rxg7+ $1 Qxg7 27. Nf5+ exf5 28. exf6+) 22. Rh6 $1 fxe4 23. Rhg6 Ke8 24.
Rxg7 Qxg5+ 25. Rxg5 Nf8 26. Rg8 Rd7 27. Qg6+ Rf7 28. d5 {winning}) (20... c3 $5
21. Rxg5 cxb2+ 22. Kb1 f6 {and White has nothing better than a draw by} (22...
Qa3 {also leads to a draw:} 23. Qxg7+ Ke7 24. Qxf7+ Kxf7 25. Rh7+ Kf8 26. Rh8+
Kf7) 23. Qh8+ Bxh8 24. Rxh8+ Kf7 25. Rh7+ Kf8) 21. Rxg5 Rb8 22. Qxg7+ Ke7 {
and White has to force a draw by} 23. Qxf7+ Kxf7 24. Rh7+ Kf8 (24... Ke8 $4 25.
Rg8+ Qf8 (25... Nf8 26. Nf6#) 26. Nd6#) 25. Rh8+ Kf7 26. Rh7+ Kf8 {=}) 20. Nxg5
(20. exf6 Bxf6 21. Nxf6 Qxf6 (21... Qxh7 22. Rxh7 Nd7 23. Ne4 Kg8 24. Rdh1 Rf8
25. Nd6 {with an advantage for White}) 22. Qc7 Nd7 23. Rdh1 {was sufficient
for a draw:} Ke8 24. Qxc6 Bb7 25. Rh8+ Kf7 26. R1h7+ Kg6 27. Rh6+ Kg7 28. R6h7+
Kg6 $11) 20... Qe8 $2 {A decisive mistake. Black defends against Qg6, but
loses a tempo.} ({The only move was} 20... Bxe5 21. Qg6 (21. dxe5 Rxd1+ 22.
Kxd1 Qxh7 23. Rxh7 {with some compensation}) 21... Qe8 $1 {(again the only
move)} (21... Qg7 $2 {loses to} 22. Rh8+ Ke7 23. Rh7) 22. Nh7+ (22. Qxe8+ Kxe8
23. dxe5 Rxd1+ 24. Kxd1) 22... Ke7 23. Qg5+ Kd7 24. dxe5+ Kc7 25. Rxd8 Qxd8 26.
Nf6 Kb6 27. Rh7 Qd3 28. Qg7 Qf1+ 29. Kc2 Qe2+ 30. Kc1 Qxe5 {and White should
find} (30... Qe1+ 31. Kc2 Qe2+ {=}) 31. Nd5+ Qxd5 32. Qc7+ Kc5 33. Qa5+ Kd6 (
33... Kd4 $4 34. Qc3+ Kc5 35. Qa3+ Kb6 36. Qb4+ Qb5 37. a5#) 34. Qc7+ Kc5 {
with perpetual.}) 21. Rh6 {Now White is winning.} Ra7 (21... c3 22. Rf6+ Bxf6
23. exf6 {with inevitable mate}) (21... Bxh6 22. Qxh6+ Kg8 23. Qh7+ Kf8 24.
Qh8+ Ke7 25. Qg7+ Qf7 26. Qxf7#) 22. Rg6 Qxg6 {Desperation, but} (22... Qe7 {
didn't help either:} 23. Qh5 $1 {(preventing ...Ke8)} (23. Rh1 $2 Ke8) 23... c3
24. Rh1 cxb2+ 25. Kb1 Qa3 26. Qh8+ Bxh8 27. Rxh8+ Ke7 28. Rg7#) 23. Qxg6 c5 24.
Rh1 Nc6 25. Nh7+ Kg8 26. Nf6+ Kf8 27. Rh8+ 1-0

[Event "Canberra ANU op"]
[Site "Canberra"]
[Date "2007.07.28"]
[Round "4"]
[White "Antic, Dejan"]
[Black "Zhao, Zong Yuan"]
[Result "0-1"]
[WhiteElo "2468"]
[BlackElo "2491"]
[Annotator "Zhao,Zong Yuan"]
[PlyCount "70"]
[EventDate "2007.07.28"]
[EventType "swiss"]
[EventRounds "7"]
[EventCountry "AUS"]
[SourceTitle "EXT 2010"]
[Source "ChessBase"]
[SourceDate "2010.11.25"]
[SourceVersion "1"]
[SourceVersionDate "2010.11.25"]
[SourceQuality "1"]

1. d4 Nf6 2. c4 c6 3. Nc3 d5 4. Nf3 e6 5. Bg5 h6 6. Bh4 dxc4 7. e4 g5 8. Bg3 b5
9. Be2 Bb7 10. Ne5 Nbd7 11. Qc2 $5 (11. O-O {leads to a modern day main line}
Bg7 12. Nxd7 Nxd7 13. Bd6 a6 14. Bh5 Bf8 15. Bxf8 Rxf8 16. e5 Qb6 17. Ne4 O-O-O
18. Nd6+ Kb8 19. Nxf7 Rxf7 20. Bxf7 Nxe5 {see Radjabov-Anand, Mainz Rapids 2006
}) 11... h5 12. h3 Nxe5 13. Bxe5 Rg8 $6 {looks unnecessary} (13... Be7 $5 14.
O-O-O Qb6 (14... a6 15. Kb1 Nd7) 15. Rhf1 O-O-O 16. f4 g4 17. f5 c5 $13) (13...
Qe7 $5 {also looks interesting}) 14. O-O-O Qe7 15. Bxf6 $6 Qxf6 16. Bxh5 Rh8 $1
(16... O-O-O 17. e5 $1 Qf4+ 18. Kb1 Rxd4 19. Rxd4 Qxd4 20. Bxf7) 17. Bf3 (17.
Bg4 O-O-O 18. d5 Bc5 $36) 17... O-O-O 18. Ne2 (18. e5 Qf4+ 19. Kb1 Rxd4 20.
Rxd4 Qxd4 21. Rd1 Qxe5 22. Qd2 Bb4 23. Qd7+ Kb8 24. Bxc6 Bc8 25. Qxf7 Rf8 $19)
18... c5 19. e5 Qe7 20. dxc5 Bxf3 21. gxf3 Qxc5 22. Rxd8+ Kxd8 23. Rd1+ Kc7 24.
Qd2 Be7 25. Nd4 Kb6 (25... b4) 26. f4 Rxh3 27. f3 gxf4 28. Qxf4 Rh4 29. Qe3 Rh8
30. Qf4 Rh4 31. Qe3 b4 32. Kc2 Rh2+ 33. Kb1 c3 34. bxc3 bxc3 35. Ka1 Rxa2+ 0-1